00760nam a22002177a 45000010005000000030006000050050017000110080041000280200015000690400029000840500012001130820008001251000026001332450053001592600048002123000060002605050008003205200165003285210029004935210020005223837FISKH20240516092449.0240516b cb ||||| |||| 00| 0 eng d a0395171938 aFISKHbengcFISKHdFISKH a808.068 aFic aAnagnostaras, Monica  aChico saves the money /cby Monica Anagnostaras  aBoston : bHoughto Miffin Company ;c1973  a16 unnubered pages : bcolor illustrations ; c26 cm .  aK  aMomo's pet monkey Chico acts mischievously when they go to the market to sell bananas, but Chico retrieves the money Momo made when it is stolen by an older boy8 a510 bLexile estimate 8 aK bRaz-Plus